00935nam a2200277 i 4500003000900000005001700009007000300026008004100029020001800070040003000088082001300118100002900131245005100160264003900211300002900250336002700279337003400306338002800340490001400368500007400382590002700456910001400483942001400497952012900511999001700640DO-SdBNP20240403101034.0ta240403s2015 dr 000 j spa d a9788490953983 aDO-SdBNPbspacBNPHUerda bP426222 aPeralta, Janibell97980410aQuién no quiere una rosa /cJanibell Peralta 1a[España] :bCirculo Rojo,c2015. a179 páginas, c22 cm. 2rdacontentatextobtxt 2rdamediaasin mediación bn 2rdacarrieravolumenbnc1 aAutoayuda aIncluye datos biografícos de la autora en la solapa de la portada.  aInventariado, 2024/ YL aYLockward 2ddccLBS1 00102ddc51708PDaBNPHUbBNPHUcCTd2024-04-03eDeposito Legall0oBNPHU PD P426p2024-1765r2024-04-03w2024-04-03yLBS1 c56225d56225